Music Quiz

Random Music or Lyrics Quiz
Score 0/25 Timer 06:00
0 Plays Today
% Correct
be
94%
knee
92.6%
bee
92.3%
see
91.6%
free
91.6%
we
91.5%
spree
91%
gee
90.9%
me
90.9%
three
90.8%
she
90.6%
flea
90%
thee
89.8%
% Correct
wee
89.4%
tea
89.3%
sea
89.2%
he
88.4%
fee
88%
tree
88%
key
87.4%
plea
86.8%
flee
86.5%
tee
85.9%
Lee
80.8%
ski
69.2%
Remove Ads.
Support Sporcle.
Get the best of Sporcle when you Go Orange. This ad-free experience offers more features, more stats, and more fun while also helping to support Sporcle. Thank you for becoming a member.

You're not logged in!

Compare scores with friends on all Sporcle quizzes.
OR
Log In

Show Comments

Extras

Top Quizzes Today


Score Distribution

Your Account Isn't Verified!

In order to create a playlist on Sporcle, you need to verify the email address you used during registration. Go to your Sporcle Settings to finish the process.

Report this User

Report this user for behavior that violates our Community Guidelines.

Details: